Changing face of Burberry (Record no. 4749)

MARC details
000 -CABECERA
campo de control de longitud fija 02902nam a2200397 i 4500
001 - NÚMERO DE CONTROL
campo de control 991107219403806196
005 - FECHA Y HORA DE LA ÚLTIMA TRANSACCIÓN
campo de control 20251006120326.0
006 - CÓDIGOS DE INFORMACIÓN DE LONGITUD FIJA--CARACTERÍSTICAS DEL MATERIAL ADICIONAL
campo de control de longitud fija m o d
007 - CAMPO FIJO DE DESCRIPCIÓN FÍSICA--INFORMACIÓN GENERAL
campo de control de longitud fija cr |n|||||||||
008 - DATOS DE LONGITUD FIJA--INFORMACIÓN GENERAL
campo de control de longitud fija 210119r20212021enk ob 001 0 eng d
020 ## - NÚMERO INTERNACIONAL ESTÁNDAR DEL LIBRO
Número Internacional Estándar del Libro 9781350332218
024 7# - IDENTIFICADOR DE OTROS ESTÁNDARES
Número estándar o código 10.5040/9781350179639
Fuente del número o código doi
035 ## - NÚMERO DE CONTROL DEL SISTEMA
Número de control de sistema (CKB)5670000000397993
035 ## - NÚMERO DE CONTROL DEL SISTEMA
Número de control de sistema (MiAaPQ)EBC7129769
035 ## - NÚMERO DE CONTROL DEL SISTEMA
Número de control de sistema (OCoLC)1238134327
035 ## - NÚMERO DE CONTROL DEL SISTEMA
Número de control de sistema (CaBNVSL)9781350179639
035 ## - NÚMERO DE CONTROL DEL SISTEMA
Número de control de sistema (CaBNVSL)BP9781350179639BC
035 ## - NÚMERO DE CONTROL DEL SISTEMA
Número de control de sistema (Perlego)3772503
035 ## - NÚMERO DE CONTROL DEL SISTEMA
Número de control de sistema (EXLCZ)995670000000397993
040 ## - FUENTE DE LA CATALOGACIÓN
Centro catalogador/agencia de origen YDX
Lengua de catalogación eng
Normas de descripción rda
Centro/agencia transcriptor CaBNVSL
Centro/agencia modificador CaBNVSL
041 ## - CÓDIGO DE LENGUA
Código de lengua del texto/banda sonora o título independiente English
043 ## - CÓDIGO DE ÁREA GEOGRÁFICA
Código de área geográfica e-uk---
050 #4 - SIGNATURA TOPOGRÁFICA DE LA BIBLIOTECA DEL CONGRESO
Número de clasificación TT505.B87
Número de documento/Ítem W47 2021eb
100 ## - ENTRADA PRINCIPAL--NOMBRE DE PERSONA
Nombre de persona Weston, Siân
Término indicativo de función/relación author
9 (RLIN) 25469
245 10 - MENCIÓN DE TÍTULO
Título Changing face of Burberry
Resto del título : Britishness, heritage, labour and consumption
Mención de responsabilidad, etc. / Siân Weston.
250 ## - MENCIÓN DE EDICIÓN
Mención de edición First edition.
264 ## - PRODUCCIÓN, PUBLICACIÓN, DISTRIBUCIÓN, FABRICACIÓN Y COPYRIGHT
Producción, publicación, distribución, fabricación y copyright London [England] :
Nombre del de productor, editor, distribuidor, fabricante Bloomsbury Publishing,
Fecha de producción, publicación, distribución, fabricación o copyright 2021.
300 ## - DESCRIPCIÓN FÍSICA
Extensión 256 pages :
Otras características físicas illustrations , portraits (black and white) ;
Dimensiones 24 cm.
504 ## - NOTA DE BIBLIOGRAFÍA, ETC.
Nota de bibliografía, etc. Includes bibliographical references and index.
505 0# - NOTA DE CONTENIDO CON FORMATO
Nota de contenido con formato A one hundred-and-fifty year metamorphosis<br/>— A new rose and a move East<br/>— Surviving through British-ness<br/>— 'Good' and 'bad' consumers: the lost fight, and the fight back<br/>— The Đ13,00 handbag<br/>— Heritage, craft, and the global marketplace.
520 ## - SUMARIO, ETC.
Sumario, etc. Global fashion markets, particularly those aimed at prosperous millennial consumers in China, are in thrall to Burberry, and connect the company's output in the 21st century to a quintessential notion of British tradition. The Changing Face of Burberry examines how the company successfully built this sense of tradition and how it has retained and capitalized on it within contemporary consumer culture. Charting the company's modest beginnings in semi-rural Hampshire in 1856 when it primarily produced waxed smocks for agricultural workers, the book follows the ebbs and flows of its fortunes over its 150-year history, from creating garments for the early motorist, the gentleman officer, and the aristocratic adventurer, to its current status as global fashion brand. It also explores Burberry's more problematic associations, when the brand was sold in tourist souvenir stores and linked to 'chav' culture. Combining interviews and archive material, including close analysis of advertising campaigns from the late 19th to the 21st century, The Changing Face of Burberry provides an authoritative account of shifting forms of British identity, consumer culture and fashion production, and highlights the shift over two centuries from an era when garments were made by a single hand, through to a digitized and global marketplace.
610 #0 - PUNTO DE ACCESO ADICIONAL DE MATERIA--NOMBRE DE ENTIDAD CORPORATIVA
Nombre de entidad corporativa o nombre de jurisdicción como elemento de entrada Burberry (Firm : London, England)
9 (RLIN) 22915
650 #0 - PUNTO DE ACCESO ADICIONAL DE MATERIA--TÉRMINO DE MATERIA
Término de materia o nombre geográfico como elemento de entrada Fashion designers
Subdivisión geográfica Great Britain
9 (RLIN) 26008
650 #0 - PUNTO DE ACCESO ADICIONAL DE MATERIA--TÉRMINO DE MATERIA
Término de materia o nombre geográfico como elemento de entrada Fashion
Subdivisión geográfica Great Britain
Subdivisión general History
9 (RLIN) 23800
942 ## - ELEMENTOS DE ENTRADA AGREGADA (KOHA)
Fuente del sistema de clasificación o colocación Clasificación de Library of Congress
Holdings
Estado de retiro Estado de pérdida Fuente del sistema de clasificación o colocación Estado dañado No para préstamo Biblioteca de origen Biblioteca actual Fecha de adquisición Total de préstamos Signatura topográfica completa Código de barras Fecha visto por última vez Número de copia Precio válido a partir de Tipo de ítem Koha
    Clasificación de Library of Congress     TBS Barcelona TBS Barcelona 06/10/2025   TT505 WES B07653 06/10/2025 1 06/10/2025 Book

Powered by Koha